000 00929nam a22002897a 4500
003 CHAP
005 20220817041808.0
008 971013s1966 r 00010 d
010 _a24757
011 _a25729
035 _a29829
040 _cCHAP
082 _a338.91
_bI58
110 _aInstituto de Desarrollo Económico
_959113
245 _aMotivaciones y estímulos económicos en los países subdesarrollados
260 _aWashington :
_bInstituto de Desarrollo Económico,
_c1966
300 _a181 p
590 _aBATCH-UPD
_b10
_c20130110
_lUCH01
_h1025
590 _aBATCH-UPD
_b10
_c20130410
_lUCH01
_h0629
590 _aBATCH-UPD
_b10
_c20130914
_lUCH01
_h1149
590 _aCONVERSION
_b10
_c20130109
_lUCH01
_h1314
650 1 4 _aDesarrollo económico.
650 1 4 _aPaíses subdesarrollados.
_985149
901 _aBK
942 _cLIBRO
949 _a338.91 I58
_bBC
_cLIBRO
_d33724000109955
_eLIBRO
_h6576
_i29829
_mD
_si
999 _c24757
_d24757